| 000 | 00409nam a2200169Ia 4500 | ||
|---|---|---|---|
| 008 | 210210b2018 xxu||||| |||| 00| 0 eng d | ||
| 020 | _a9789386910349 | ||
| 041 | _aeng | ||
| 082 | _a543.089 MISC | ||
| 100 | _aMISHRA (Satish) | ||
| 245 | _aChromatography | ||
| 260 |
_aNew Delhi _bWave Books _c2018 |
||
| 300 | _avi,255 | ||
| 650 | _aChromatography | ||
| 690 | _aAnalytical Chemistry | ||
| 906 | _a072865 | ||
| 999 |
_c122772 _d122772 |
||